|
|
|
|
| LEADER |
02136nam a2200481 i 4500 |
| 001 |
mzk03001252547 |
| 003 |
CZ BrMZK |
| 005 |
20180903133746.0 |
| 007 |
ta |
| 008 |
180903s1724 xr fr|||||00| ||latod |
| 040 |
|
|
|a BOA001
|b cze
|e rda
|
| 072 |
|
7 |
|a 27-9
|x Dějiny křesťanské církve
|2 Konspekt
|9 5
|
| 072 |
|
7 |
|a 094
|x Staré tisky
|2 Konspekt
|9 12
|
| 080 |
|
|
|a 27-9
|2 MRF
|
| 080 |
|
|
|a 27-9"14/15"
|2 MRF
|
| 080 |
|
|
|a 025.171
|2 MRF
|
| 080 |
|
|
|a (0.068)094
|2 MRF
|
| 100 |
1 |
|
|a Větrovský, Maxmilián,
|d 1660-1737
|7 jk01142244
|4 aut
|
| 245 |
1 |
0 |
|a HISTORIA DE HAERESI LUTHERANA. IN COMPENDIUM REDUCTA, ET TOMIS DUOBUS COMPREHENSA /
|c A P. MAXIMILIANO WIETROWSKI, e Soc. JESU, Sacrae Theologiae Doctore, & Archi-Episcopalis Consistorii Pragensis Assessore
|
| 264 |
|
1 |
|a VETERO-PRAGUE :
|b Typis Caroli Joannis Hraba,
|c 1724
|
| 300 |
|
|
|a 10 nečíslovaných stran, 181 stran ;
|c 2°
|
| 336 |
|
|
|a text
|b txt
|2 rdacontent
|
| 337 |
|
|
|a bez média
|b n
|2 rdamedia
|
| 338 |
|
|
|a svazek
|b nc
|2 rdacarrier
|
| 500 |
|
|
|a Výzdoba: Nad impresem ozdobná linka, iniciály, vlysy, viněty, typografické ozdůbky, linky z typografických ozdob
|
| 500 |
|
|
|a Rozsah: [10], 181 s.
|
| 501 |
|
|
|a Přívazek k: HISTORIA DE MAGNO SCHISMATE OCCIDENTIS IN COMPENDIUM REDUCTA/ Maxmilián Větrovský
|
| 650 |
|
7 |
|a církevní dějiny
|7 ph114283
|2 czenas
|
| 650 |
|
7 |
|a reformace
|7 ph125063
|2 czenas
|
| 650 |
|
7 |
|a historické knihovní fondy
|7 ph172933
|2 czenas
|
| 655 |
|
7 |
|a staré tisky
|7 fd422076
|2 czenas
|
| 700 |
1 |
|
|a Heidrich, Candidus,
|d 1675-1747
|7 xx0155111
|4 dte
|
| 700 |
1 |
|
|a Retz, František,
|d 1673-1750
|7 jo20000080230
|4 cns
|
| 700 |
1 |
|
|a Luther, Martin,
|d 1483-1546
|7 jn19990005235
|4 oth
|
| 856 |
4 |
2 |
|u http://books.google.cz/books?vid=NKP:1002040057-005&printsec=frontcover
|y Digitalizovaný dokument
|z Exemplář z Národní knihovny ČR
|
| 903 |
|
|
|a RP
|
| 910 |
|
|
|a NAG950
|b B - XIX. C. aa. 12,2,přív.1
|
| 978 |
|
|
|b Hraba, Jan Karel
|a Praha
|c 1724
|
| 984 |
|
|
|a Praha
|b Česko
|
| 985 |
|
|
|a 1701-1750
|
| 990 |
|
|
|a BK
|
| 991 |
|
|
|k broumov
|
| 994 |
|
|
|a UP
|l MZK03
|b 001242545
|m přívazek 1
|n záznam 1. díla (pro objednání pokračujte kliknutím)
|